Víťazku už poznáme, na víťaza sa čaká Svetový pohár v behu na lyžiach

Bibliographic Details
Main Author: Kubiš, Milan (Author)
Format: Article
Language:Slovak
Subjects:

MARC

LEADER 00000nab a2200000 a 4500
001 vtls000083307
003 SK-MaSNL
005 20260304173449.0
008 111103c1981 xo 0 slo
015 |a SNBRB19rr/mm-uuuuu 
035 |a CL0093409 
040 |a SNKBUCL  |b slo  |c SNKBUCL  |e AACR2 
041 0 |a slo 
044 |a xo  |c SK 
080 |a 796.92  |2 1981 
080 |a 796.092  |2 1981 
100 1 |a Kubiš, Milan  |4 aut  |9 272909 
245 1 0 |a Víťazku už poznáme, na víťaza sa čaká  |b Svetový pohár v behu na lyžiach  |c Milan Kubiš 
650 0 7 |a lyžovanie  |2 snkbucl  |9 3256 
655 7 |a články z novín a časopisov  |2 snkbucl  |9 267496 
773 0 |t Šport  |g Roč. 33, č. 46 (24. 2. 1981), s. 1 a 12 
850 |a Slovenská národná knižnica v Martine  |a MTA001 
852 |a SNK  |b KIS3GCP 
958 |a RK 
992 |a RBX 
999 |c 3003513  |d 3005443